Obchodní kontrakty Obecná úprava obchodních smluv
Guardado en:
| Autor principal: | |
|---|---|
| Formato: | Libro |
| Lenguaje: | checo |
| Publicado: |
Praha
Prospektrum
1993
|
| Edición: | 1. vyd. |
| Materias: | |
| Etiquetas: |
Sin Etiquetas, Sea el primero en etiquetar este registro!
|
MARC
| LEADER | 00000nam a2200000 4500 | ||
|---|---|---|---|
| 001 | c012767 | ||
| 005 | 20221214083626.6 | ||
| 041 | 0 | |a cze | |
| 044 | |a CZ | ||
| 245 | 1 | 0 | |a Obchodní kontrakty |b Obecná úprava obchodních smluv |c Ludvík Kopáč |
| 250 | |a 1. vyd. | ||
| 264 | 1 | |a Praha |b Prospektrum |c 1993 | |
| 300 | |a 357 s. | ||
| 610 | 2 | 0 | |a zmluvy obchodné |
| 610 | 2 | 0 | |a predpisy právne |
| 610 | 2 | 0 | |a obchod |
| 610 | 2 | 0 | |a zákonník obchodný |
| 610 | 2 | 0 | |a súťaž verejná |
| 610 | 2 | 0 | |a veritelia |
| 610 | 2 | 0 | |a dlžníci |
| 610 | 2 | 0 | |a vzťahy zmluvné |
| 610 | 2 | 0 | |a záväzky |
| 610 | 2 | 0 | |a premlčanie |
| 610 | 2 | 0 | |a náhrada škody |
| 100 | 1 | |a Kopáč, Ludvík | |